LA CIVILTÀ CATTOLICA. ANNO XXII. VOL. I. SERIE VIII. 1871. (Record n. 329912)
[ formato base ]
| 000 -LEADER | |
|---|---|
| fixed length control field | 01763nas a2200277Ia 4500 |
| 001 - CONTROL NUMBER | |
| control field | R050-S1313 |
| 003 - CONTROL NUMBER IDENTIFIER | |
| control field | IT-CnALBA |
| 008 - FIXED-LENGTH DATA ELEMENTS--GENERAL INFORMATION | |
| fixed length control field | 170116c99999999xx |||||||||||| ||und|| |
| 040 ## - CATALOGING SOURCE | |
| Original cataloging agency | IT-CnALBA |
| Transcribing agency | IT-CnALBA |
| 041 ## - LANGUAGE CODE | |
| Language code of text/sound track or separate title | ITALIANO |
| 999 ## - SYSTEM CONTROL NUMBERS (KOHA) | |
| Koha Dewey Subclass [OBSOLETE] | SI |
| 100 ## - MAIN ENTRY--PERSONAL NAME | |
| Personal name | RAMPOLLA M. A. |
| 210 ## - ABBREVIATED TITLE | |
| Abbreviated title | LA CIVILTÀ CATTOLICA |
| 222 ## - KEY TITLE | |
| Key title | LA CIVILTÀ CATTOLICA |
| 245 #0 - TITLE STATEMENT | |
| Title | LA CIVILTÀ CATTOLICA. ANNO XXII. VOL. I. SERIE VIII. 1871. |
| Remainder of title | RIVISTA CULTURALE |
| 250 ## - EDITION STATEMENT | |
| Edition statement | 1a ed. |
| 260 ## - PUBLICATION, DISTRIBUTION, ETC. (IMPRINT) | |
| Place of publication, distribution, etc. | FIRENZE |
| Name of publisher, distributor, etc. | MANUELLI LUIGI LIBRAIO |
| Date of publication, distribution, etc. | 1871 [1° Ed.:1871 - Ed.Ling.Originale: 1871] |
| 300 ## - PHYSICAL DESCRIPTION | |
| Extent | 768 p. |
| 310 ## - CURRENT PUBLICATION FREQUENCY | |
| Current publication frequency | QUINDICINALE |
| 362 ## - DATES OF PUBLICATION AND/OR SEQUENTIAL DESIGNATION | |
| Dates of publication and/or sequential designation | Fascicolo: 1 / Anno: 22 (1871) |
| 500 ## - GENERAL NOTE | |
| General note | IL NODO ROMANO. QUESTIONE RUSSA. LA DOPPIA CAPITALE. LA SAVIA E LA PAZZA. LA DOPPIA REGGIA. LE GARANZIE PER IL PAPA. CATTOLICESIMO E RIVOLUZIONE NELLA PRESA DI ROMA. IL SILLOGISMO DEL LANZA. MODERNA EDUCATRICE DONNA ITALIANA. IL RISTORAMENTO DELLA FRANCIA. ASSOLUTA IMMUNITÀ DEL PONTEFICE. COSE SPETTANTI AL CONCILIO. CRONACHE CONTEMPORANEE. PANEGIRO DEI GIORNALISTI. LIBERALI. DIRETTORIO DELLA PIA UNIONE. CONTRO LA BESTEMMIA. I DISCORSI OSCENI. |
| 501 ## - WITH NOTE | |
| With note | Società San Paolo EM - Piazza San Paolo, 14 - 12051 ALBA (CN) (non commercial uses only) ® Copyright 2017 |
| 520 ## - SUMMARY, ETC. | |
| Summary, etc. | IL NODO ROMANO. QUESTIONE RUSSA. LA DOPPIA CAPITALE. LA SAVIA E LA PAZZA. LA DOPPIA REGGIA. LE GARANZIE PER IL PAPA. CATTOLICESIMO E RIVOLUZIONE NELLA PRESA DI ROMA. IL SILLOGISMO DEL LANZA. MODERNA EDUCATRICE DONNA ITALIANA. IL RISTORAMENTO DELLA FRANCIA. ASSOLUTA IMMUNITÀ DEL PONTEFICE. COSE SPETTANTI AL CONCILIO. CRONACHE CONTEMPORANEE. PANEGIRO DEI GIORNALISTI. LIBERALI. DIRETTORIO DELLA PIA UNIONE. CONTRO LA BESTEMMIA. I DISCORSI OSCENI. |
| 650 ## - SUBJECT ADDED ENTRY--TOPICAL TERM | |
| Topical term or geographic name as entry element | RIVISTA CULTURALE |
| 942 ## - ADDED ENTRY ELEMENTS (KOHA) | |
| Koha item type | RIVISTA |
| 957 ## - | |
| -- | 1 |
| 999 ## - SYSTEM CONTROL NUMBERS (KOHA) | |
| -- | 1 |
| Withdrawn status | Lost status | Damaged status | Not for loan | Home library | Current library | Date acquired | Total Checkouts | Full call number | Date last seen | Price effective from | Koha item type | Public note |
|---|---|---|---|---|---|---|---|---|---|---|---|---|
| Buone Condizioni | Not For Loan | ALBA - Biblioteca | ALBA - Biblioteca | 16/01/2017 | R050-S1313 | 16/01/2017 | 16/01/2017 | RIVISTA | (data import: 16 gennaio 2017) - By Epidotti, Vaglietti. |